EXO song evolutions - Statistics

General Stats
  • This quiz has been taken 40 times
    38 since last reset
  • The average score is 17 of 29
Answer Stats
Hint Answer % Correct
2012 MAMA
96%
2015 CALL ME BABY
91%
2016 Monster
91%
2023 Cream Soda
87%
2013 Growl
87%
2017 Ko Ko Bop
87%
2015 LOVE ME RIGHT
87%
2018 Love Shot
87%
2014 Overdose
83%
2013 Wolf
83%
2019 Obsession
78%
2018 Tempo
78%
2016 Lotto
74%
2021 Don't fight the feeling
70%
2017 Universe
61%
2023 Hear Me Out
57%
2016 Lucky One
52%
2013 Miracles in December
52%
2017 Power
52%
2015 Sing For You
52%
2023 Let Me In
48%
2016 For Life
43%
2015 LIGHTSABER
43%
2018 Electric Kiss
39%
2016 Dancing King
26%
2019 BIRD
13%
2016 Coming Over
13%
2015 Unfair
9%
2014 December, 2014 (The Winter`s Tale)
4%
No matching quizzes found
Score Distribution
Percent of People with Each Score
Percentile by Number Answered
Your Score History
You have not taken this quiz since the last reset